| 000 | 00685nam a2200253Ia 4500 | ||
|---|---|---|---|
| 003 | OSt | ||
| 005 | 20220912144001.0 | ||
| 006 | a|||||r|||| 00| 0 | ||
| 007 | ta | ||
| 008 | 220909b |||||||| |||| 00| 0 eng d | ||
| 024 | _a198422 | ||
| 037 | _cTextual | ||
| 040 | _beng | ||
| 041 | _aeng | ||
| 082 | _aC51, M9;N3;7;-8 | ||
| 100 | _aGhatak Ajoy | ||
| 245 | 0 | _aOptical electronics | |
| 260 | _c1993 | ||
| 300 |
_axii,624p ill. _ccm |
||
| 500 | _aAppendices A-G 589-612p.; Index 621-624p.; First Indian edition1991Corrected Reprint 1993 | ||
| 700 | _a Thyagarajan K | ||
| 942 |
_hC51, M9;N3;7;-8 _cTEXL _2CC |
||
| 999 |
_c12 _d12 |
||